| 000 | 00746nam a2200241 i 4500 | ||
|---|---|---|---|
| 001 | 133715 | ||
| 003 | ES-MaACL | ||
| 005 | 20250804062746.0 | ||
| 007 | t| | ||
| 008 | 070827s1964 fr ||||1| fre d | ||
| 080 | _a1 | ||
| 100 | 1 |
_aGardeil, H. D. _955486 |
|
| 245 | 1 | 0 |
_aInitiation a la philosophie de s. Thomas d'Aquin / _cH. D. Gardeil. |
| 250 | _a3e ed. | ||
| 260 |
_aParis : _bÉditions du Cerf, _c1964. |
||
| 300 |
_a253 p. ; _c20 cm. |
||
| 500 | _aBiblioteca Jacinto Martínez Lacalle. | ||
| 505 | 8 | _aContiene: I. Introduction ; Logique | |
| 600 | 1 | 4 |
_aTomás de Aquino _cSanto- _xCrítica e interpretación. _9110513 |
| 650 | 1 | 7 |
_aFilosofía _2embne _912802 |
| 852 |
_aES-MaACL _jE-12039 _bR.139973 |
||
| 999 |
_c133715 _d133715 |
||